Del paganismo al cristianismo: la época de Constantino el Grande

Saved in:
书目详细资料
主要作者: Burckhardt, Jacob (Author)
格式: 图书
语言:西班牙语
出版: Ciudad de México Fondo de Cultura Económica 1985
丛编:Sección de obras de historia
主题:
标签: 添加标签
没有标签, 成为第一个标记此记录!

MARC

LEADER 00000nam a2200000 a 4500
001 UCX1306
003 CL-VaPUC
008 900719e19850000MX |||||||||||||||||spa|d
082 0 4 |a 937.08  |b BUR  |2 21 
100 0 |a Burckhardt, Jacob  |e author  |9 316775 
245 1 0 |a Del paganismo al cristianismo: la época de Constantino el Grande 
300 |a 437 p 
942 |c BK 
945 |d 19900719 00:00:00 
260 |a Ciudad de México  |b Fondo de Cultura Económica  |c 1985 
650 0 |a Paganismo  |9 316776 
650 7 |a CRISTIANISMO Y OTRAS RELIGIONES  |2 CL-VaPUC  |9 316777 
583 |a last modification  |c 19900719 00:00:00  |k Rodrigo Vera 
490 0 |a Sección de obras de historia 
999 |c 222572  |d 222570 
952 |0 0  |1 0  |4 0  |6 937_080000000000000_BUR_1985  |7 0  |8 A  |9 217516  |a BIBHIS  |b BIBHIS  |d 2019-11-15  |i 2864320  |o 937.08 BUR 1985  |p 2864320  |r 2025-01-20  |w 2019-11-15  |y BK  |k HIS